Statistics for Countries and Capitals Starting With A - Two Minute Sprint

Click here to take the quiz!

General Stats

  • This quiz has been taken 85 times
    (44 since last reset)
  • The average score is 20 of 26

Answer Stats

country/capital% Correct
Austria
96%
Andorra
92%
Australia
92%
Algeria
88%
Amsterdam
88%
Argentina
88%
Armenia
88%
Azerbaijan
88%
Angola
85%
Accra
81%
Afghanistan
81%
Albania
81%
Algiers
81%
Antigua and
Barbuda
81%
Andorra la Vella
77%
Abuja
73%
Addis Ababa
73%
Amman
73%
Apia
69%
Abu Dhabi
65%
Ankara
65%
Antananarivo
65%
Ashgabat
65%
Asunción
65%
Asmara
62%
Athens
62%

Score Distribution

Percentile by Number Answered

Percent of People with Each Score

Your Score History

You have not taken this quiz since the last reset